Strategy for survival : an exploration of the limits to further population and industrial growth /

Bibliographic Details
Main Author: Boughey, Arthur S.
Format: Book
Language:English
Published: Menlo Park, Calif. : W. A. Benjamin, [1976]
Subjects:

MARC

Tag First Indicator Second Indicator Subfields
LEADER 00000cam a2200000 i 4500
001 in00000463512
005 20151012163552.0
008 770218s1976 caua b 00110 eng
010 |a  75044541  
020 |a 0805310959 
035 |a (OCoLC)02748256 
035 |9 ABZ6610AM 
040 |a YSM  |c YSM  |d TXA  |d UtOrBLW 
049 |a TXAM  |c [1434836] 
050 0 0 |a HC59  |b .B65 
100 1 |a Boughey, Arthur S. 
245 1 0 |a Strategy for survival :  |b an exploration of the limits to further population and industrial growth /  |c Arthur S. Boughey. 
264 1 |a Menlo Park, Calif. :  |b W. A. Benjamin,  |c [1976] 
264 4 |c ©1976 
300 |a x, 245 pages :  |b illustrations ;  |c 24 cm. 
336 |a text  |b txt  |2 rdacontent 
337 |a unmediated  |b n  |2 rdamedia 
338 |a volume  |b nc  |2 rdacarrier 
504 |a Includes bibliographies and indexes. 
650 0 |a Economic history  |y 1945-  |x Mathematical models. 
650 0 |a Economic development  |x Mathematical models. 
650 0 |a Social history  |y 1945-  |x Mathematical models. 
650 0 |a Population  |x Mathematical models. 
999 |a MARS 
999 f f |s e9447681-0549-3d2e-8464-739583c15b9d  |i bc87e76a-1c47-342b-8395-4f9e2f9d3d92  |t 0 
952 f f |p ric  |a Texas A&M University  |b Rellis Campus  |c Joint Library Facility  |d Remote Storage  |t 0  |e HC59 .B65  |h Library of Congress classification  |i unmediated -- volume  |m A14802559612 
998 f f |a HC59 .B65  |t 0  |l Remote Storage